| 000 | 00529cam a22001451 4500 | ||
|---|---|---|---|
| 082 |
_a940.4009567 _bEVA |
||
| 100 | 1 |
_aEvans, Roger, _949386 |
|
| 245 | 0 | 2 |
_aA brief outline of the campaign in Mesopotamia, 1914-1918, _cby Major (temp. Lt. Col.) R. Evans... |
| 260 |
_aLondon, _bSifton, Praed & co., ltd., _c1926 |
||
| 300 |
_a135 p. _b4 fold. maps (in pocket) fold. tables _c23 cm. |
||
| 526 |
_a0 _b0 _c0 _d940_400956700000000_EVA |
||
| 650 | 0 |
_aMCE _9379 |
|
| 650 | 0 |
_aWorld War, 1914-1918 _xCampaigns _zIraq. _949387 |
|
| 942 |
_2ddc _cBK |
||
| 999 |
_c552200 _d552200 |
||